Top 5 Features of InDesign CS4 : Video QuickStart Guide /

Get up and running quickly with InDesign CS4 in this video by InDesign expert and bestselling author Sandee Cohen . Preview the five essential new features of InDesign CS4: 1. New Features of the CS4 Interface 2. Smart Guides and Other Smart Things 3. Smart Image Replacement 4. Moving to Flash 5. Li...

Full description

Bibliographic Details
Main Author: Cohen, Sandee (Author)
Corporate Author: Safari, an O'Reilly Media Company
Format: eBook
Language:English
Published: Peachpit Press, 2009.
Edition:1st edition.
Subjects:
Online Access:Connect to this electronic resource

MARC

Tag First Indicator Second Indicator Subfields
LEADER 00000ugm a2200000 a 4500
001 in00004232159
005 20260128221949.6
006 m o d
007 cr cn
008 020713s2009 xx v eng
020 |z 9780321646842 
020 |z 0321646843 
035 |a (CaSebORM)9780321646842 
040 |d UtOrBLW 
041 0 |a eng 
100 1 |a Cohen, Sandee,  |e author.  |0 http://id.loc.gov/authorities/names/nb97066187 
245 1 0 |a Top 5 Features of InDesign CS4 :  |b Video QuickStart Guide /  |c Cohen, Sandee. 
250 |a 1st edition. 
264 1 |b Peachpit Press,  |c 2009. 
300 |a 1 online resource (1 video file, approximately 26 min.) 
336 |a two-dimensional moving image  |b tdi  |2 rdacontent 
337 |a computer  |b c  |2 rdamedia 
338 |a online resource  |b cr  |2 rdacarrier 
347 |a video file 
520 |a Get up and running quickly with InDesign CS4 in this video by InDesign expert and bestselling author Sandee Cohen . Preview the five essential new features of InDesign CS4: 1. New Features of the CS4 Interface 2. Smart Guides and Other Smart Things 3. Smart Image Replacement 4. Moving to Flash 5. Live Preflight This video is a great preview of the most popular and exciting new features in InDesign CS4. To get the rest of the story on InDesign CS4, including step-by-step techniques, hundreds of illustrations, and helpful tips, check out Sandee's newest book, InDesign CS4 for Macintosh and Windows: Visual QuickStart Guide . This is a streaming video. After making your purchase online, you can log into your Peachpit.com account to view the video-anytime, anywhere with Internet access. Running Time: 26m 1s 
533 |a Electronic reproduction.  |b Boston, MA :  |c Safari,  |n Available via World Wide Web. 
538 |a Mode of access: World Wide Web. 
542 |f Copyright © 2009 Pearson Education, Inc. All rights reserved. 
588 |a Online resource; Title from title screen (viewed February 20, 2009) 
500 |a Videorecording. 
655 7 |a Electronic videos.  |2 local 
710 2 |a Safari, an O'Reilly Media Company. 
856 4 0 |u https://proxy.library.tamu.edu/login?url=https://go.oreilly.com/TAMU/library/view/-/9780321646842/?ar  |z Connect to this electronic resource  |t 0 
999 f f |s f73bc095-113c-39ce-b006-61cfa67f4d52  |i d6b1d97b-0289-31a0-99c3-52f819edc39e  |t 0 
952 f f |a Texas A&M University  |b College Station  |c Electronic Resources  |s www_evans  |d Available Online  |t 0  |h No information provided 
998 f f |t 0  |l Available Online